000 00648nam a2200253Ia 4500
001 32095
005 20240114001552.0
007 ta
008 060821s a g b000 u 346 u
040 _aCotton College,Assam
041 _a346
082 _a891.443
_bD 26 M
100 _aDasgupta, Amalendu .
245 0 _aMuktir Ahabane /
_cAmalendu Dasgupta.
_hTextual Documents
250 _a1st ed. /
260 _aCalcutta :
_bPrachi Prakashan ,
_cnd.
300 _a394p. :
_bill ;
_c17cm .
653 _aBengali Fiction
653 _aG-Bengali
942 _2ddc
_cBK
999 _c32077
_d32077